000 00747nam a2200229Ia 4500
003 OSt
005 20220205102648.0
008 210716s1984 xx 000 0 und d
020 _a0453004822
040 _cAIMIT LIBRARY
041 _aeng
082 _a658.406
_21
_bHICC
100 _aHickman, Craig R.
_917000
245 _aCreating excellence:
_bmanaging corporate culture strategy and change in the new age /
_cBy Craig R. Hickman and Michael A. Silva.
250 _a1st ed.
260 _aNew York :
_bNew American Library ,
_c1984.
300 _aXv, 305p. ;
650 _aSix skills for new age executives
_917001
650 _aCreating excellence
_917002
700 _aSilva, Michael A.
_917003
942 _2ddc
_cBK
_eist
_k658.406 HICC
999 _c200810
_d200810